wszystkie przystanki linii 34 Toruniu - Statystyki

Ogólne statystyki
  • Ten quiz został rozwiązany 37 razy
  • Średni wynik to 20 z 26
Statystyki odpowiedzi
Odpowiedź % Poprawnych
Dworzec Wschodni
92%
Kościuszki
92%
Świętopełka
88%
Szpital Bielany
88%
Wschodnia
88%
Od Nowa
84%
Akademiki
80%
Aula UMK
80%
Długa
80%
Koniuchy
80%
Sczanieckiego
80%
Świętego Józefa
80%
Żwirki i Wigury
80%
Kozacka
76%
Ślaskiego
76%
Wielki Rów
76%
Ligi Polskiej
72%
Manhattan
68%
OLIMPIJSKA P&R
68%
Rubinkowo Centrum
68%
Wyszyńskiego
68%
UNIWERSYTET
64%
Szosa Okrężna
60%
Donimirskiego
56%
Przybyłów
56%
Kosynierów Kościuszkowskich
52%
Nie znaleziono quizów pasujących do podanych kryteriów
Rozkład punktacji
Procent ludzi z każdym wynikiem
Percentyl według liczby udzielonych odpowiedzi
Twoja historia wyników
Nie rozwiązałeś tego quizu